[Event "Mittelrhein Verbandsliga-O 1112"]
[Site "Germany"]
[Date "2012.02.05"]
[Round "6"]
[White "Viganske, Christian"]
[Black "Hoeck, Sebastian"]
[Result "1-0"]
[WhiteElo "1962"]
[BlackElo "1723"]
[PlyCount "57"]
[EventDate "2011.09.18"]
[EventType "team-tourn"]
[EventRounds "11"]
[EventCountry "GER"]
[SourceTitle "EXT 2013"]
[Source "ChessBase"]
[SourceDate "2012.11.22"]
[SourceVersion "1"]
[SourceVersionDate "2012.11.22"]
[SourceQuality "1"]
[WhiteTeam "Euskirchen Turm"]
[BlackTeam "Bruehl III"]
[WhiteTeamCountry "GER"]
[BlackTeamCountry "GER"]

1. e4 d5 2. exd5 Nf6 3. d4 Nxd5 4. Nf3 Bf5 5. Bd3 Qc8 6. c3 g6 7. 0-0 Bg7 8. Re1 Nc6 9. Na3 a6 10. Nc4 0-0 11. Nce5 Nxe5 12. Nxe5 Re8 13. Qf3 Bxe5 14. Rxe5 Bxd3 15. Qxd3 Qd7 16. Qf3 c6 17. Bh6 Nc7 18. Rae1 f6 19. R5e4 Kf7 20. h4 Rad8 21. h5 Qd5 22. hxg6+ hxg6 23. Qh3 Qh5 24. Rh4 Qf5 25. g4 Qc8 26. Bf8 Ne6 27. Rh7+ Kxf8 28. Qh6+ Kg8 29. Qxg6+ 1-0

[Event "Cologne Longerich op 7th"]
[Site "Cologne"]
[Date "2010.08.01"]
[Round "4"]
[White "Dijkhuis, Tycho"]
[Black "Viganske, Christian"]
[Result "1/2-1/2"]
[WhiteElo "1697"]
[BlackElo "1911"]
[PlyCount "143"]
[EventDate "2010.07.30"]
[EventType "swiss"]
[EventRounds "5"]
[EventCountry "GER"]
[SourceTitle "EXT 2011"]
[Source "ChessBase"]
[SourceDate "2010.11.26"]
[SourceVersion "1"]
[SourceVersionDate "2010.11.26"]
[SourceQuality "1"]

1. e4 c5 2. Nf3 d6 3. d4 cxd4 4. Nxd4 Nf6 5. Nc3 g6 6. Be3 Bg7 7. f3 0-0 8. Bc4 Nc6 9. Qd2 Bd7 10. 0-0-0 Rc8 11. Bb3 Ne5 12. h4 h5 13. Kb1 Nc4 14. Bxc4 Rxc4 15. g4 b5 16. Rdg1 Qa5 17. Nb3 Qa6 18. e5 Nxg4 19. fxg4 Bxg4 20. Nd5 Bxe5 21. Nxe7+ Kh7 22. Bd4 Re8 23. Nd5 Bf3 24. Bxe5 Rxe5 25. Nb4 Qb6 26. Re1 Bxh1 27. Rxh1 Qe3 28. Qxd6 Qe4 29. Rf1 Rf5 30. Rxf5 Qxf5 31. Qe7 Re4 32. Qf8 Rxh4 33. a3 Qf1+ 34. Ka2 Qc4 35. Qa8 Rf4 36. Qxa7 h4 37. Qe3 Qe4 38. Qh3 Kh6 39. Qh2 g5 40. Nd3 Rf6 41. Qb8 Kg7 42. Qxb5 Rf5 43. Qd7 h3 44. Qc7 Qg2 45. Ne1 Qe4 46. Qc3+ Kg6 47. Qxh3 Qxe1 48. c4 Qe4 49. c5 Rf3 50. Qd7 Rd3 51. Qb5 Rd1 52. a4 g4 53. c6 g3 54. c7 Qe6 55. Qb7 Rc1 56. Qg2 Qd6 57. Qe4+ Kh5 58. Qf5+ Kh4 59. c8Q Rxc8 60. Qxc8 g2 61. Qc1 Qg3 62. Qg1 Kh3 63. a5 Qf4 64. Nd4 Qf1 65. Qe3+ Kg4 66. Qe4+ Kg5 67. Nf3+ Kf6 68. Qe5+ Kg6 69. Qg5+ Kh7 70. Qh5+ Kg7 71. Qg5+ Kf8 72. Qd8+ 1/2-1/2

[Event "Cologne Longerich op 7th"]
[Site "Cologne"]
[Date "2010.07.31"]
[Round "2"]
[White "Bauer, Andreas"]
[Black "Viganske, Christian"]
[Result "1/2-1/2"]
[WhiteElo "2086"]
[BlackElo "1911"]
[PlyCount "35"]
[EventDate "2010.07.30"]
[EventType "swiss"]
[EventRounds "5"]
[EventCountry "GER"]
[SourceTitle "EXT 2011"]
[Source "ChessBase"]
[SourceDate "2010.11.26"]
[SourceVersion "1"]
[SourceVersionDate "2010.11.26"]
[SourceQuality "1"]

1. e4 c5 2. Nc3 Nc6 3. Bb5 g6 4. Bxc6 dxc6 5. f4 Bg7 6. Nf3 Nf6 7. d3 0-0 8. 0-0 Qc7 9. Qe1 b6 10. Qh4 Ne8 11. f5 gxf5 12. exf5 Bxf5 13. Bf4 Qd7 14. Rae1 f6 15. Ne4 e5 16. Bc1 Rd8 17. Ng3 Bg4 18. Kh1 1/2-1/2